000 00787nmc a2200289 a 4500
003 AR-BaBNM
005 20251128211738.0
008 106020s2003 ||||||||||||||000 | spa||
020 _a84-8063-582-7
040 _cAR-BaBNM
100 1 _aOrtín Pérez, Bernardo
245 1 0 _aLos niños invisibles
_bcurso de educación social
250 _a1ª ed.
260 _aBarcelona
_bOctaedro - EUB
_bEUB
_c2003
300 0 _a254 p.
490 0 _aPsicopedagogía
504 _aContiene referencias bibliográficas
650 4 _aNINOS SOCIALMENTE DESFAVORECIDOS
650 4 _aINFANCIA
650 4 _aINTEGRACION SOCIAL
650 4 _aPROGRAMAS DE EDUCACION
650 4 _aPSICOLINGÜISTICA
650 4 _aSOCIALIZACION
651 4 _aEspaña
942 _cBK
998 _cme-solo cat
999 _c20930
_d20930